000 00442nam a2200169Ia 4500
005 20240517022138.0
008 240331s9999 xx 000 0 und d
020 _a0252008731
082 _bBUH
_a335
100 _aBuhle, Mari Jo
245 0 _aWomen and American socialism 1870-1920-
_cMari Jo Buhle
260 _aAmerica
_bUniversity of Illinois press
_c1981
300 _axix, 344 p.,
650 _aWomen
650 _aSocial
942 _cL
999 _c2735
_d2735